[Event "BL2-Nord 1718"]
[Site "Germany"]
[Date "2018.03.18"]
[Round "8.7"]
[White "Asendorf, Joachim"]
[Black "Schuette, Marc"]
[Result "1-0"]
[WhiteElo "2252"]
[BlackElo "2141"]
[PlyCount "81"]
[EventDate "2017.10.08"]
[EventType "team-tourn"]
[EventRounds "9"]
[EventCountry "GER"]
[SourceTitle "CBM 183 Extra"]
[Source "ChessBase"]
[SourceDate "2018.04.19"]
[SourceVersion "1"]
[SourceVersionDate "2018.04.19"]
[SourceQuality "1"]
[WhiteTeam "Werder Bremen II"]
[BlackTeam "Oldenburg Union"]
[WhiteTeamCountry "GER"]
[BlackTeamCountry "GER"]

1. c4 c6 2. g3 d5 3. Nf3 Bg4 4. Bg2 Nd7 5. cxd5 cxd5 6. Nc3 e6 7. Qa4 Ngf6 8. Ne5 Bf5 9. g4 Bc2 10. Nxf7 Kxf7 11. Qxc2 Nxg4 12. h3 Ngf6 13. d4 Qb6 14. Be3 Rc8 15. 0-0 Rc4 16. Rac1 Bb4 17. Qd3 Qa5 18. Bd2 Bxc3 19. Bxc3 Qa6 20. b3 Rc6 21. Qxa6 Rxa6 22. a4 Rc6 23. Bd2 Rhc8 24. Rxc6 Rxc6 25. Rc1 Rxc1+ 26. Bxc1 Ne4 27. f3 Nd6 28. e4 b5 29. Ba3 bxa4 30. Bxd6 axb3 31. Ba3 Nb6 32. Bf1 Nc4 33. Bxc4 dxc4 34. Bb2 a5 35. Kf2 Ke7 36. Ke2 Kd6 37. Kd2 Kc6 38. Kc3 Kb5 39. f4 g6 40. h4 h6 41. Bc1 1-0

[Event "EU-Cup 31st"]
[Site "Skopje"]
[Date "2015.10.23"]
[Round "6.3"]
[White "Asendorf, Joachim"]
[Black "Nithander, Victor"]
[Result "0-1"]
[WhiteElo "2275"]
[BlackElo "2426"]
[PlyCount "70"]
[EventDate "2015.10.18"]
[EventType "team-swiss"]
[EventRounds "7"]
[EventCountry "MKD"]
[SourceTitle "CBM 169"]
[Source "ChessBase"]
[SourceDate "2015.11.10"]
[SourceVersion "1"]
[SourceVersionDate "2015.11.10"]
[SourceQuality "1"]
[WhiteTeam "Werder Bremen"]
[BlackTeam "Viking Team"]
[WhiteTeamCountry "GER"]
[BlackTeamCountry "SWE"]

1. c4 e5 2. g3 Nf6 3. Bg2 d5 4. cxd5 Nxd5 5. Nf3 Nc6 6. 0-0 Nb6 7. b3 g6 8. Ba3 e4 9. Ne1 Bg7 10. Nc3 f5 11. Rc1 a5 12. d3 Bxc3 13. Rxc3 Nb4 14. Qa1 0-0 15. dxe4 fxe4 16. Bxe4 Qd4 17. Bg2 N4d5 18. Bb2 Nxc3 19. Bxc3 Qd8 20. Nd3 Qe7 21. Nf4 c6 22. Rd1 Bf5 23. e4 Bg4 24. Rd2 a4 25. b4 Nc4 26. Rc2 Rad8 27. f3 Be6 28. Bh8 Rf7 29. Nxe6 Qxe6 30. Rxc4 Qxc4 31. Bf1 Qxb4 32. Bc3 Qc5+ 33. Kg2 b5 34. Be2 Qe3 35. Qb2 a3 0-1

[Event "EU-Cup 31st"]
[Site "Skopje"]
[Date "2015.10.22"]
[Round "5.3"]
[White "Huzman, Alexander"]
[Black "Asendorf, Joachim"]
[Result "1-0"]
[WhiteElo "2580"]
[BlackElo "2275"]
[PlyCount "107"]
[EventDate "2015.10.18"]
[EventType "team-swiss"]
[EventRounds "7"]
[EventCountry "MKD"]
[SourceTitle "CBM 169"]
[Source "ChessBase"]
[SourceDate "2015.11.10"]
[SourceVersion "1"]
[SourceVersionDate "2015.11.10"]
[SourceQuality "1"]
[WhiteTeam "Beer Sheva"]
[BlackTeam "Werder Bremen"]
[WhiteTeamCountry "ISR"]
[BlackTeamCountry "GER"]

1. Nf3 d5 2. g3 c5 3. Bg2 Nc6 4. d4 e6 5. 0-0 Nf6 6. c4 Be7 7. dxc5 Bxc5 8. a3 dxc4 9. Qa4 0-0 10. Qxc4 Qd5 11. Qc2 Qf5 12. Qxf5 exf5 13. b4 Bb6 14. Bb2 Ne4 15. Nbd2 Be6 16. e3 Nxd2 17. Nxd2 Rfd8 18. Nf3 Rd7 19. Rfc1 Rad8 20. Bf1 Bd5 21. Nd2 Bc7 22. Bh3 Be6 23. Nf3 Bb6 24. Bc3 Rd5 25. Bf1 R5d7 26. a4 a5 27. b5 Ne7 28. Bd4 Nd5 29. Bc4 Bxd4 30. Nxd4 g6 31. Nb3 b6 32. Nd4 Nc7 33. Kg2 Kf8 34. h4 Bxc4 35. Rxc4 Ne6 36. Rc6 Nxd4 37. exd4 Rxd4 38. Rxb6 Rb4 39. Ra6 Rd2 40. Rxa5 Rbb2 41. Rf1 Ra2 42. b6 Rdb2 43. Ra6 Kg7 44. a5 Rb5 45. Ra7 Raxa5 46. Rxa5 Rxa5 47. Rb1 Ra8 48. b7 Rb8 49. Kf3 Kf6 50. Kf4 h5 51. Rb6+ Ke7 52. Ke5 Kd7 53. Kf6 Ke8 54. Rb1 1-0

[Event "EU-Cup 31st"]
[Site "Skopje"]
[Date "2015.10.20"]
[Round "3.4"]
[White "Asendorf, Joachim"]
[Black "Vedder, Richard"]
[Result "0-1"]
[WhiteElo "2275"]
[BlackElo "2261"]
[PlyCount "102"]
[EventDate "2015.10.18"]
[EventType "team-swiss"]
[EventRounds "7"]
[EventCountry "MKD"]
[SourceTitle "CBM 169"]
[Source "ChessBase"]
[SourceDate "2015.11.10"]
[SourceVersion "1"]
[SourceVersionDate "2015.11.10"]
[SourceQuality "1"]
[WhiteTeam "Werder Bremen"]
[BlackTeam "En Passant"]
[WhiteTeamCountry "GER"]
[BlackTeamCountry "NED"]

1. c4 e5 2. g3 h5 3. h4 Nc6 4. Bg2 Bc5 5. Nc3 d6 6. a3 a5 7. e3 Nf6 8. Nge2 0-0 9. 0-0 Bg4 10. f3 Bf5 11. d4 Ba7 12. d5 Nb8 13. Kh2 e4 14. fxe4 Bg4 15. Rf4 Nbd7 16. Qf1 Bxe2 17. Qxe2 Ng4+ 18. Kh1 Nde5 19. Bd2 c6 20. b3 Qb6 21. Rb1 Rae8 22. Na4 Qc7 23. Rbf1 Rb8 24. Rc1 Rbe8 25. Rf5 g6 26. Rf4 f6 27. Bh3 cxd5 28. exd5 Qf7 29. e4 Qd7 30. Bxg4 Nxg4 31. Kg2 f5 32. Rcf1 Nf6 33. Nc3 Bd4 34. Qd3 Bxc3 35. Bxc3 Nxe4 36. Ba1 Kh7 37. Qxe4 Rxe4 38. Rxe4 Re8 39. Rxe8 Qxe8 40. Kf2 f4 41. gxf4 Qe4 42. Bf6 Qc2+ 43. Kg3 Qxb3+ 44. Rf3 Qxc4 45. Rc3 Qe2 46. Rc7+ Kg8 47. Bg5 Qd3+ 48. Kf2 Qxd5 49. Rc8+ Kf7 50. Rc7+ Ke6 51. Re7+ Kf5 0-1

[Event "Oberliga Nord W 1415"]
[Site "Germany"]
[Date "2015.04.12"]
[Round "9.2"]
[White "Ivanov, Vladimir"]
[Black "Asendorf, Joachim"]
[Result "1/2-1/2"]
[WhiteElo "2364"]
[BlackElo "2272"]
[PlyCount "62"]
[EventDate "2014.09.22"]
[EventType "team-tourn"]
[EventRounds "9"]
[EventCountry "GER"]
[SourceTitle "EXT 2016"]
[Source "ChessBase"]
[SourceDate "2015.10.08"]
[SourceVersion "1"]
[SourceVersionDate "2015.10.08"]
[SourceQuality "1"]
[WhiteTeam "Hannover"]
[BlackTeam "Werder Bremen II"]
[WhiteTeamCountry "GER"]
[BlackTeamCountry "GER"]

1. Nf3 d5 2. e3 Nf6 3. c4 e6 4. b3 Be7 5. Bb2 0-0 6. Be2 c5 7. 0-0 Nc6 8. d4 b6 9. cxd5 exd5 10. Nc3 Bb7 11. Rc1 Rc8 12. Bd3 cxd4 13. exd4 g6 14. Re1 Re8 15. Ne5 Nxd4 16. Nb5 Ne6 17. Nxa7 Rxc1 18. Qxc1 Qa8 19. Nac6 Bf8 20. a4 Rc8 21. Bb5 Ne4 22. Nd7 Bxc6 23. Nxb6 Bxb5 24. Nxa8 Rxc1 25. Rxc1 Ba6 26. Nc7 Nxc7 27. Rxc7 Bc5 28. Rc6 Bb7 29. Rc7 Ba6 30. Rc6 Bb7 31. Rc7 Ba6 1/2-1/2

[Event "GER-ch 85th"]
[Site "Verden an der Aller"]
[Date "2014.11.28"]
[Round "8"]
[White "Mueller, Reinhold"]
[Black "Asendorf, Joachim"]
[Result "1/2-1/2"]
[WhiteElo "2289"]
[BlackElo "2298"]
[PlyCount "169"]
[EventDate "2014.11.21"]
[EventType "swiss"]
[EventRounds "9"]
[EventCountry "GER"]
[SourceTitle "CBM 163 Extra"]
[Source "ChessBase"]
[SourceDate "2014.12.23"]
[SourceVersion "1"]
[SourceVersionDate "2014.12.23"]
[SourceQuality "1"]

1. d4 d5 2. c4 e6 3. Nf3 c5 4. cxd5 exd5 5. g3 Nc6 6. Bg2 Nf6 7. 0-0 Be7 8. Nc3 0-0 9. Bg5 c4 10. Ne5 Be6 11. b3 h6 12. Bxf6 Bxf6 13. Nxc6 bxc6 14. bxc4 dxc4 15. e3 Qa5 16. Rc1 Rac8 17. Qa4 Qxa4 18. Nxa4 Be7 19. Rb1 Rc7 20. Rfc1 Rd8 21. Nc3 g6 22. Rc2 Ba3 23. Ne4 Be7 24. Nc5 Bxc5 25. dxc5 Rd3 26. Bf1 Ra3 27. Rb4 c3 28. Bc4 Bh3 29. Bb3 a5 30. Rh4 Rd7 31. Rxh3 a4 32. Bxa4 Rxa4 33. Rxc3 Rxa2 34. Rh4 Rdd2 35. Rf4 Rac2 36. Rfc4 Ra2 37. Rf4 Rac2 38. Rfc4 Ra2 39. Rf4 Rac2 40. Ra3 Rxc5 41. Ra7 f5 42. Rc7 Ra2 43. Rd4 Rd5 44. Rxc6 Rxd4 45. exd4 Kf7 46. Kg2 Rd2 47. Rd6 Rd3 48. Kf1 Rd2 49. Ke1 Ra2 50. h4 h5 51. Kf1 Rd2 52. Kg2 Rd3 53. d5 Ra3 54. Rb6 Rd3 55. Rd6 Ra3 56. Rb6 Rd3 57. d6 f4 58. gxf4 Kf6 59. f3 Kf5 60. Kg3 Rd2 61. Ra6 Rd5 62. Rb6 Rd2 63. Ra6 Rd5 64. Rc6 Rd2 65. Rc5+ Kf6 66. Rg5 Rxd6 67. f5 gxf5 68. Rxh5 Rd4 69. Rh8 Ra4 70. Rb8 Kg6 71. Rb6+ Kg7 72. h5 Rc4 73. h6+ Kh7 74. Rf6 Ra4 75. Rb6 Rc4 76. Ra6 Rb4 77. f4 Rc4 78. Rf6 Ra4 79. Rb6 Rc4 80. Ra6 Rb4 81. Rf6 Ra4 82. Rxf5 Kxh6 83. Rg5 Ra6 84. Kg4 Rg6 85. Rxg6+ 1/2-1/2

[Event "GER-ch 85th"]
[Site "Verden an der Aller"]
[Date "2014.11.22"]
[Round "2"]
[White "Schulz, Michael"]
[Black "Asendorf, Joachim"]
[Result "1-0"]
[WhiteElo "2233"]
[BlackElo "2298"]
[PlyCount "125"]
[EventDate "2014.11.21"]
[EventType "swiss"]
[EventRounds "9"]
[EventCountry "GER"]
[SourceTitle "CBM 163 Extra"]
[Source "ChessBase"]
[SourceDate "2014.12.23"]
[SourceVersion "1"]
[SourceVersionDate "2014.12.23"]
[SourceQuality "1"]

1. d4 d5 2. Bf4 c5 3. e3 Nc6 4. Nc3 cxd4 5. exd4 Bf5 6. g4 Bg6 7. h4 h6 8. h5 Bh7 9. Bd3 Bxd3 10. Qxd3 e6 11. 0-0-0 Bd6 12. Bxd6 Qxd6 13. Nge2 0-0-0 14. f4 Nf6 15. Qf3 Nd7 16. Nb5 Qb4 17. Qb3 Qxb3 18. axb3 Nf6 19. Rhg1 a6 20. Nbc3 b5 21. Kd2 Kb7 22. Ke3 Nb4 23. Rd2 Rc8 24. Nc1 Rc7 25. N1a2 Nxa2 26. Nxa2 Ne4 27. Rh2 f6 28. c3 a5 29. Nc1 Ra8 30. Nd3 a4 31. bxa4 bxa4 32. Ra1 a3 33. Rc2 Ra4 34. Rxa3 Rxa3 35. bxa3 Rc4 36. Nb2 Rxc3+ 37. Rxc3 Nxc3 38. Nd3 Kc6 39. Nc5 Kd6 40. Nb7+ Kc7 41. Nc5 Kd6 42. a4 e5 43. Nb7+ Kc7 44. dxe5 fxe5 45. fxe5 Nxa4 46. Nd6 Kc6 47. Nf5 Kc5 48. e6 d4+ 49. Nxd4 Kd6 50. Kf4 Nb6 51. Kf5 Nd5 52. Kg6 Ke5 53. Nf5 Nf4+ 54. Kxg7 Nxe6+ 55. Kg6 Kf4 56. Nxh6 Nf8+ 57. Kf7 Nh7 58. Kg7 Ng5 59. Nf7 Kxg4 60. h6 Ne6+ 61. Kg8 Nf4 62. h7 Ng6 63. Ne5+ 1-0

[Event "GER-ch 85th"]
[Site "Verden an der Aller"]
[Date "2014.11.21"]
[Round "1"]
[White "Asendorf, Joachim"]
[Black "Kunin, Vitaly L"]
[Result "0-1"]
[WhiteElo "2298"]
[BlackElo "2585"]
[PlyCount "68"]
[EventDate "2014.11.21"]
[EventType "swiss"]
[EventRounds "9"]
[EventCountry "GER"]
[SourceTitle "CBM 163 Extra"]
[Source "ChessBase"]
[SourceDate "2014.12.23"]
[SourceVersion "1"]
[SourceVersionDate "2014.12.23"]
[SourceQuality "1"]

1. c4 e5 2. g3 Nc6 3. Nc3 Bc5 4. Bg2 a6 5. a3 d6 6. b4 Ba7 7. d3 Nf6 8. e3 Bg4 9. Nge2 Qc8 10. h3 Be6 11. Nd5 Ng8 12. Bb2 Nd8 13. d4 f6 14. Qd3 Nf7 15. f4 c6 16. Ndc3 Ne7 17. d5 Bd7 18. g4 Qc7 19. Ng3 Qb6 20. dxc6 Bxc6 21. Bxc6+ bxc6 22. Nd1 exf4 23. exf4 0-0 24. Ne2 Ng6 25. h4 Rfe8 26. Kd2 a5 27. Bc3 axb4 28. axb4 c5 29. b5 d5 30. Ra6 dxc4 31. Qxc4 Qb7 32. Rh2 Re4 33. Qa2 Rd8+ 34. Kc1 Bb8 0-1

[Event "Oberliga Nord W 1415"]
[Site "Germany"]
[Date "2014.10.19"]
[Round "2.4"]
[White "Hoeffer, David"]
[Black "Asendorf, Joachim"]
[Result "1-0"]
[WhiteElo "2265"]
[BlackElo "2272"]
[PlyCount "103"]
[EventDate "2014.09.22"]
[EventType "team-tourn"]
[EventRounds "9"]
[EventCountry "GER"]
[SourceTitle "EXT 2016"]
[Source "ChessBase"]
[SourceDate "2015.10.08"]
[SourceVersion "1"]
[SourceVersionDate "2015.10.08"]
[SourceQuality "1"]
[WhiteTeam "Delmenhorst"]
[BlackTeam "Werder Bremen II"]
[WhiteTeamCountry "GER"]
[BlackTeamCountry "GER"]

1. d4 d5 2. c4 e6 3. Nf3 c5 4. g3 Nc6 5. cxd5 exd5 6. Nc3 Nf6 7. Bg2 Be7 8. 0-0 0-0 9. dxc5 Bxc5 10. Na4 Be7 11. Be3 Bg4 12. Rc1 Re8 13. Nc5 Qb6 14. Nb3 Qa6 15. a3 Rac8 16. Re1 h6 17. h3 Bf5 18. g4 Be4 19. Qd2 b6 20. Bf4 Bf8 21. Nh4 g5 22. Bxg5 hxg5 23. Qxg5+ Bg7 24. f3 Bh7 25. Rxc6 Rxc6 26. Nd4 Ne4 27. fxe4 Rg6 28. Nxg6 Bxg6 29. Qxd5 Qc8 30. Nf5 Bxf5 31. exf5 Bxb2 32. a4 Qc3 33. Kf1 Qb4 34. Qb5 Qxb5 35. axb5 Bf6 36. Rd1 Re7 37. Bc6 Kg7 38. Kf2 Bh4+ 39. Kf3 Kf6 40. Rd6+ Ke5 41. Rd5+ Kf6 42. e4 Bg5 43. Rd8 Re5 44. Bd5 Re7 45. Bc6 Re5 46. Rd6+ Kg7 47. Bd5 Re7 48. Rc6 Rd7 49. Kg3 f6 50. h4 Bd2 51. g5 fxg5 52. hxg5 1-0

[Event "BL2-Nord 1314"]
[Site "Germany"]
[Date "2014.04.06"]
[Round "9.1"]
[White "Polzin, Rainer"]
[Black "Asendorf, Joachim"]
[Result "1-0"]
[WhiteElo "2435"]
[BlackElo "2333"]
[PlyCount "53"]
[EventDate "2013.10.13"]
[EventType "team-tourn"]
[EventRounds "9"]
[EventCountry "GER"]
[SourceTitle "EXT 2015"]
[Source "ChessBase"]
[SourceDate "2014.11.20"]
[SourceVersion "1"]
[SourceVersionDate "2014.11.20"]
[SourceQuality "1"]
[WhiteTeam "Berlin SF II"]
[BlackTeam "Werder Bremen II"]
[WhiteTeamCountry "GER"]
[BlackTeamCountry "GER"]

1. e4 c5 2. Nf3 d6 3. d4 cxd4 4. Nxd4 Nf6 5. Nc3 g6 6. Be3 Bg7 7. f3 0-0 8. Qd2 Nc6 9. Bc4 Bd7 10. h4 Rc8 11. Bb3 h5 12. 0-0-0 Ne5 13. Bg5 Rc5 14. Kb1 Re8 15. Bh6 Kh8 16. Bxg7+ Kxg7 17. g4 hxg4 18. h5 Rh8 19. f4 gxh5 20. fxe5 Rxe5 21. Qf4 e6 22. Nf5+ exf5 23. Rxd6 Nxe4 24. Nxe4 Rxe4 25. Qd2 Re7 26. Qd4+ Kg8 27. Rg6+ 1-0

[Event "BL2-Nord 1314"]
[Site "Germany"]
[Date "2014.02.23"]
[Round "7.4"]
[White "Asendorf, Joachim"]
[Black "Gruenberg, Hans Ulrich"]
[Result "1/2-1/2"]
[WhiteElo "2333"]
[BlackElo "2384"]
[PlyCount "75"]
[EventDate "2013.10.13"]
[EventType "team-tourn"]
[EventRounds "9"]
[EventCountry "GER"]
[SourceTitle "EXT 2015"]
[Source "ChessBase"]
[SourceDate "2014.11.20"]
[SourceVersion "1"]
[SourceVersionDate "2014.11.20"]
[SourceQuality "1"]
[WhiteTeam "Werder Bremen II"]
[BlackTeam "Rostock"]
[WhiteTeamCountry "GER"]
[BlackTeamCountry "GER"]

1. c4 Nf6 2. g3 g6 3. Bg2 Bg7 4. Nc3 0-0 5. e4 c5 6. Nge2 Nc6 7. 0-0 d6 8. d3 a6 9. a4 Bd7 10. h3 Ne8 11. Be3 Nc7 12. d4 cxd4 13. Nxd4 Ne6 14. Nxe6 Bxe6 15. Nd5 Rb8 16. Rb1 b5 17. axb5 axb5 18. c5 Re8 19. b4 dxc5 20. Bxc5 Qd7 21. Kh2 Ne5 22. Qe2 Bxd5 23. exd5 Nc4 24. Rfd1 Be5 25. Bf1 Bf6 26. Qe4 Nd6 27. Qf3 Ra8 28. Rd2 Reb8 29. Rc2 Kg7 30. h4 h5 31. Rbc1 Qf5 32. Qe3 Ra6 33. Bg2 Rba8 34. Bh3 Qe5 35. Qxe5 Bxe5 36. Bd7 Ra2 37. f4 Bf6 38. Kh3 1/2-1/2

[Event "Bundesliga 1314"]
[Site "Germany"]
[Date "2013.10.13"]
[Round "2.8"]
[White "Kolbus, Dietmar"]
[Black "Asendorf, Joachim"]
[Result "1/2-1/2"]
[WhiteElo "2302"]
[BlackElo "2357"]
[PlyCount "45"]
[EventDate "2013.10.12"]
[EventType "team-tourn"]
[EventRounds "15"]
[EventCountry "GER"]
[SourceTitle "CBM 157"]
[Source "ChessBase"]
[SourceDate "2013.11.12"]
[SourceVersion "1"]
[SourceVersionDate "2013.11.12"]
[SourceQuality "1"]
[WhiteTeam "Trier"]
[BlackTeam "Werder Bremen"]
[WhiteTeamCountry "GER"]
[BlackTeamCountry "GER"]

1. c4 e6 2. Nf3 d5 3. g3 Nf6 4. Bg2 Be7 5. 0-0 0-0 6. b3 c5 7. cxd5 exd5 8. d4 Nc6 9. Bb2 Re8 10. Nc3 Bg4 11. Ne5 cxd4 12. Nxc6 bxc6 13. Qxd4 c5 14. Qd3 d4 15. Ne4 Rc8 16. e3 dxe3 17. Qxe3 Nxe4 18. Qxe4 Qd7 19. Qd5 Red8 20. Qxd7 Rxd7 21. Rfc1 Rd2 22. Bc3 Rd7 23. Bb2 1/2-1/2

[Event "Werder Bremen"]
[Site "Bremen"]
[Date "2013.09.26"]
[Round "6"]
[White "Asendorf, Joachim"]
[Black "Fish, Gennadij"]
[Result "0-1"]
[WhiteElo "2357"]
[BlackElo "2464"]
[PlyCount "110"]
[EventDate "2013.09.21"]
[EventType "tourn"]
[EventRounds "9"]
[EventCountry "GER"]
[EventCategory "9"]
[SourceTitle "CBM 156 Extra"]
[Source "ChessBase"]
[SourceDate "2013.10.22"]
[SourceVersion "1"]
[SourceVersionDate "2013.10.22"]
[SourceQuality "1"]

1. c4 c5 2. g3 Nc6 3. Bg2 g6 4. Nc3 Bg7 5. Nf3 e6 6. 0-0 Nge7 7. a3 0-0 8. Rb1 d5 9. cxd5 exd5 10. d3 b6 11. Bg5 h6 12. Bd2 Be6 13. Qc1 d4 14. Nd1 Kh7 15. b4 cxb4 16. axb4 b5 17. Qa3 Nd5 18. e3 a5 19. bxa5 b4 20. Qa4 Bd7 21. Qb3 Nc3 22. Nxd4 Nxd4 23. exd4 Nxb1 24. Bxb4 Rb8 25. Qxb1 Re8 26. Qb3 Qxa5 27. Qxf7 Qf5 28. Qxf5 Bxf5 29. Bd6 Rbd8 30. Be5 Bxd3 31. Re1 Rxd4 32. f4 Bxe5 33. fxe5 Rb4 34. Nc3 Rc8 35. Nd5 Rb1 36. Rxb1 Bxb1 37. Bh3 Rc5 38. Nf6+ Kg7 39. Nd7 Rc1+ 40. Kf2 Rc2+ 41. Kg1 Ba2 42. e6 Re2 43. Nc5 Bc4 44. Bg4 Re5 45. Nd7 Re4 46. Bh3 h5 47. Kf2 g5 48. Bf5 Re2+ 49. Kf3 g4+ 50. Kf4 Bxe6 51. Bxe6 Rxe6 52. Kg5 Re7 53. Nb8 Re5+ 54. Kh4 Kh6 55. h3 Re1 0-1

[Event "Werder Bremen"]
[Site "Bremen"]
[Date "2013.09.24"]
[Round "4"]
[White "Asendorf, Joachim"]
[Black "Bluebaum, Matthias"]
[Result "1/2-1/2"]
[WhiteElo "2357"]
[BlackElo "2514"]
[PlyCount "41"]
[EventDate "2013.09.21"]
[EventType "tourn"]
[EventRounds "9"]
[EventCountry "GER"]
[EventCategory "9"]
[SourceTitle "CBM 156 Extra"]
[Source "ChessBase"]
[SourceDate "2013.10.22"]
[SourceVersion "1"]
[SourceVersionDate "2013.10.22"]
[SourceQuality "1"]

1. c4 c6 2. Nf3 d5 3. g3 Nf6 4. Bg2 dxc4 5. 0-0 Nbd7 6. Na3 Nb6 7. Qc2 g6 8. Nxc4 Nxc4 9. Qxc4 Be6 10. Qc2 Bg7 11. d3 0-0 12. Bd2 Nd5 13. Ng5 Bd7 14. Rab1 a5 15. a3 Qb6 16. Ne4 Rfd8 17. Nc5 Bg4 18. h3 Bc8 19. Qc4 Qc7 20. Rfc1 Qe5 21. e3 1/2-1/2

[Event "Werder Bremen"]
[Site "Bremen"]
[Date "2013.09.23"]
[Round "3"]
[White "Bekker Jensen, Simon"]
[Black "Asendorf, Joachim"]
[Result "1/2-1/2"]
[WhiteElo "2420"]
[BlackElo "2357"]
[PlyCount "109"]
[EventDate "2013.09.21"]
[EventType "tourn"]
[EventRounds "9"]
[EventCountry "GER"]
[EventCategory "9"]
[SourceTitle "CBM 156 Extra"]
[Source "ChessBase"]
[SourceDate "2013.10.22"]
[SourceVersion "1"]
[SourceVersionDate "2013.10.22"]
[SourceQuality "1"]

1. d4 d5 2. c4 e6 3. Nc3 c5 4. cxd5 exd5 5. Nf3 Nc6 6. g3 Nf6 7. Bg2 Be7 8. 0-0 0-0 9. Bg5 c4 10. Ne5 Be6 11. b3 h6 12. Bxf6 Bxf6 13. Nxc6 bxc6 14. bxc4 dxc4 15. e3 Qa5 16. Rc1 Rac8 17. Qa4 Qxa4 18. Nxa4 Be7 19. Nb2 Ba3 20. Rc2 Bxb2 21. Rxb2 Rc7 22. Rc1 Rd8 23. Kf1 c5 24. d5 Bxd5 25. Bxd5 Rxd5 26. Rxc4 Rd1+ 27. Ke2 Ra1 28. Ra4 c4 29. Rc2 c3 30. Ra3 h5 31. h4 g6 32. Kf3 Kg7 33. e4 Kf6 34. Kf4 Rf1 35. Rb3 Rxf2+ 36. Rxf2 c2 37. Rf1 c1Q+ 38. Rxc1 Rxc1 39. Rb7 Rf1+ 40. Ke3 g5 41. Ke2 Rc1 42. hxg5+ Kxg5 43. Rxf7 Rc2+ 44. Kf3 Rc3+ 45. Kg2 Ra3 46. e5 Rxa2+ 47. Kf3 Kg6 48. Rf6+ Kg7 49. Ke4 Re2+ 50. Kd5 Re3 51. Rf5 Kg6 52. Rf6+ Kg7 53. Ra6 Rxg3 54. Rxa7+ Kg6 55. Ra6+ 1/2-1/2

[Event "Werder Bremen"]
[Site "Bremen"]
[Date "2013.09.22"]
[Round "2"]
[White "Asendorf, Joachim"]
[Black "Babula, Vlastimil"]
[Result "0-1"]
[WhiteElo "2357"]
[BlackElo "2571"]
[PlyCount "152"]
[EventDate "2013.09.21"]
[EventType "tourn"]
[EventRounds "9"]
[EventCountry "GER"]
[EventCategory "9"]
[SourceTitle "CBM 156 Extra"]
[Source "ChessBase"]
[SourceDate "2013.10.22"]
[SourceVersion "1"]
[SourceVersionDate "2013.10.22"]
[SourceQuality "1"]

1. c4 c5 2. g3 Nf6 3. Bg2 d5 4. cxd5 Nxd5 5. Nc3 Nc7 6. Qb3 Nc6 7. Bxc6+ bxc6 8. Qa4 Ne6 9. d3 g6 10. Nf3 Bg7 11. Bd2 0-0 12. 0-0 Nd4 13. Nxd4 cxd4 14. Ne4 Be6 15. Qxc6 Bd5 16. Qa4 Qb6 17. Rfc1 f5 18. Ng5 h6 19. Nf3 e5 20. Qa5 Qe6 21. Rc5 Rad8 22. Rc7 f4 23. Qxa7 Bh8 24. Bb4 fxg3 25. fxg3 e4 26. Re7 Qf5 27. dxe4 Bxe4 28. Rf1 Ra8 29. Qd7 d3 30. Qxf5 Bxf5 31. exd3 Bxd3 32. Re3 Bd4 33. Nxd4 Rxf1+ 34. Kg2 Rd1 35. Nf3 Rxa2 36. Bc3 Bf5 37. Re7 Rd7 38. Re8+ Kf7 39. Rh8 Be4 40. Kf2 Bxf3 41. Kxf3 h5 42. Rh7+ Ke6 43. Rxd7 Kxd7 44. g4 Ra4 45. gxh5 gxh5 46. Kg3 Ke6 47. Bh8 Rg4+ 48. Kh3 Kf5 49. Bc3 Re4 50. Bd2 h4 51. Ba5 Kg5 52. Bb6 Rb4 53. Bd8+ Kh5 54. Bc7 Rxb2 55. Bd6 Rb3+ 56. Kg2 h3+ 57. Kf2 Kg4 58. Bc7 Kf5 59. Ke2 Ke4 60. Kf2 Rf3+ 61. Ke2 Rc3 62. Bb8 Rb3 63. Bd6 Rb2+ 64. Ke1 Ke3 65. Bc5+ Kf3 66. Bd6 Re2+ 67. Kd1 Ke3 68. Bf4+ Kd3 69. Bd6 Re6 70. Bc7 Rc6 71. Be5 Rg6 72. Kc1 Rg1+ 73. Kb2 Rg5 74. Bd6 Rg6 75. Be5 Rc6 76. Bg3 Ke2 0-1

[Event "Werder Bremen"]
[Site "Bremen"]
[Date "2013.09.21"]
[Round "1"]
[White "Asendorf, Joachim"]
[Black "Lubbe, Melanie"]
[Result "0-1"]
[WhiteElo "2357"]
[BlackElo "2350"]
[PlyCount "158"]
[EventDate "2013.09.21"]
[EventType "tourn"]
[EventRounds "9"]
[EventCountry "GER"]
[EventCategory "9"]
[SourceTitle "CBM 156 Extra"]
[Source "ChessBase"]
[SourceDate "2013.10.22"]
[SourceVersion "1"]
[SourceVersionDate "2013.10.22"]
[SourceQuality "1"]

1. c4 Nf6 2. g3 g6 3. Bg2 Bg7 4. Nc3 0-0 5. e4 d6 6. Nge2 c5 7. d3 Nc6 8. 0-0 a6 9. a4 Rb8 10. h3 Ne8 11. Be3 Nc7 12. d4 cxd4 13. Nxd4 Ne6 14. Nde2 Nc5 15. Rb1 Nb4 16. Nd5 Nxd5 17. cxd5 Bd7 18. b3 b5 19. axb5 Bxb5 20. b4 Na4 21. Re1 Nb2 22. Qd2 Nc4 23. Qc1 Nxe3 24. Qxe3 Qb6 25. Qd2 Rfc8 26. Rec1 Rxc1+ 27. Rxc1 Bd7 28. Rc4 Bb5 29. Rc1 Be5 30. Bf3 Bxe2 31. Qxe2 Bxg3 32. Rc6 Qd4 33. Rc4 Qa7 34. Kg2 Be5 35. Qc2 Rb7 36. Bg4 Kg7 37. Bc8 Rb8 38. Qa2 Rb6 39. Qa5 h5 40. Rc6 Rb5 41. Qxa6 Qxa6 42. Bxa6 Rxb4 43. Rc4 Rb2 44. Ra4 Kf6 45. Bc4 Rc2 46. Bb3 Rc3 47. Bd1 Kg5 48. Ra2 Rc1 49. Bb3 Re1 50. f3 Bd4 51. Bc4 Rg1+ 52. Kh2 Kf4 53. Be2 Re1 54. Kg2 Rg1+ 55. Kh2 Rg5 56. Bd1 h4 57. Rg2 Rh5 58. Rd2 Be5 59. Kg1 Rg5+ 60. Rg2 Bd4+ 61. Kh2 Rh5 62. Rd2 Be3 63. Rg2 Bc5 64. Rb2 Rh8 65. Kg2 Ra8 66. Be2 Ra1 67. Bf1 Bd4 68. Rd2 Be3 69. Rb2 e6 70. dxe6 fxe6 71. Bc4 Rg1+ 72. Kh2 Kxf3 73. Bxe6 Ra1 74. Bg4+ Kxe4 75. Kg2 Rg1+ 76. Kh2 Rxg4 77. Rb4+ Kf3 78. Rxg4 g5 79. Ra4 d5 0-1

[Event "Bundesliga 1213"]
[Site "Germany"]
[Date "2012.12.09"]
[Round "6.8"]
[White "Schaeffner, Claus"]
[Black "Asendorf, Joachim"]
[Result "1/2-1/2"]
[WhiteElo "2165"]
[BlackElo "2356"]
[PlyCount "40"]
[EventDate "2012.10.20"]
[EventType "team-tourn"]
[EventRounds "15"]
[EventCountry "GER"]
[SourceTitle "CBM 152"]
[Source "ChessBase"]
[SourceDate "2013.01.15"]
[SourceVersion "1"]
[SourceVersionDate "2013.01.15"]
[SourceQuality "1"]
[WhiteTeam "Forchheim"]
[BlackTeam "Griesheim"]
[WhiteTeamCountry "GER"]
[BlackTeamCountry "GER"]

1. d4 d5 2. c4 c6 3. Nc3 Nf6 4. e3 e6 5. Nf3 Nbd7 6. Bd3 dxc4 7. Bxc4 b5 8. Bd3 a6 9. e4 c5 10. e5 cxd4 11. Nxb5 Ng4 12. Nbxd4 Bb4+ 13. Bd2 Bxd2+ 14. Qxd2 Bb7 15. 0-0 Bxf3 16. Nxf3 Ndxe5 17. Nxe5 Nxe5 18. Rad1 Nxd3 19. Qxd3 Qxd3 20. Rxd3 Ke7 1/2-1/2